[Event "Rubinstein Memorial 32nd"]
[Site "Polanica Zdroj"]
[Date "1995.??.??"]
[Round "8"]
[White "Tiviakov, Sergei"]
[Black "De Firmian, Nick E"]
[Result "1-0"]
[WhiteElo "2655"]
[BlackElo "2605"]
[Annotator "Dolmatov,S"]
[PlyCount "105"]
[EventDate "1995.08.??"]
[EventType "tourn"]
[EventRounds "11"]
[EventCountry "POL"]
[EventCategory "14"]
[SourceTitle "CBM 049"]
[Source "ChessBase"]
[SourceDate "1995.12.01"]
[SourceVersion "1"]
[SourceVersionDate "1995.12.01"]
[SourceQuality "1"]

1. e4 {Ftacnik} c5 2. Nf3 d6 3. d4 cxd4 4. Nxd4 Nf6 5. Nc3 a6 6. Be3 e5 7. Nb3
Be6 8. Qd2 Nbd7 9. f3 b5 10. a4 (10. g4 Nb6 11. g5 Nfd7 12. Na5 Rc8 13. O-O-O
$132 {Lukianov,J-Kuporosov,V/URS/1988/}) 10... b4 11. Nd5 Bxd5 12. exd5 Nb6 13.
Bxb6 (13. Qxb4 $2 Nbxd5 14. Qd2 Nxe3 15. Qxe3 Be7 $15) 13... Qxb6 14. a5 Qb7
15. Bc4 Be7 16. Ra4 Rb8 17. Qd3 (17. Nc1 {Ftacnik} Bd8 (17... e4 18. Na2 exf3
19. gxf3 Qd7 20. b3 Qh3 21. Rf1 Nd7 22. Nxb4 Nc5 23. Ra2 O-O 24. Kd1 Bf6 25.
Nxa6 Nxb3 26. cxb3 Rxb3 27. Kc2 Rc3+ 28. Qxc3 Bxc3 29. Kxc3 Rc8 $16 {
Cseshkovsky,V-Lukov,V/Sochi/1981/}) (17... O-O 18. Na2 Bd8 19. Nxb4 Bxa5 20.
Rxa5 Qxb4 21. Qxb4 Rxb4 22. b3 Rb6 23. Kd2 Ra8 24. Rha1 Kf8 25. c3 Ke7 26. b4
Kd8 27. Bxa6 Kc7 28. Bd3 {Cseshkovsky,V-Bukic,E/Banjaluka/1981/1-0 (40)}) (
17... Nd7 18. Nd3 Bd8 19. Kd1 Qc8 20. b3 Nc5 21. Rxb4 Ra8 22. Nxc5 Qxc5 23. Ra4
h6 24. Re1 O-O 25. Qe3 {De Toledo,J-Leitao,R/BRA-ch93/1994/1/2-1/2 (58)}) 18.
Na2 (18. Kd1 O-O 19. Na2 Qd7 20. b3 Rb5 {1/2-1/2 Georgadze,T-Gruenfeld,Y/
Dortmund 38/(348) 1984}) (18. O-O O-O 19. Kh1 e4 20. Nb3 exf3 21. gxf3 Nd7 22.
Nd4 Nc5 23. Ra2 Qe7 24. Nc6 Qh4 25. Nxb8 Qxc4 26. Raa1 Bf6 27. b3 Qh4 28. Nc6
Bxa1 29. Rxa1 Re8 {Gufeld,E-Gaprindashvili,N/USSR 32/340 1981/1/2-1/2 (58)})
18... Nd7 19. Kd1 Qc8 (19... Nc5 20. Rxb4 Qc8 21. Rxb8 Qxb8 22. b4 Nd7 23. Bxa6
O-O 24. c3 h6 25. Re1 Bg5 26. Qd3 f5 27. Qb5 Qa7 28. Qb7 Qf2 29. Re2 Qf1+ 30.
Kc2 Nf6 31. Bc4 {1-0 Henao,R-Leitao,R/Merida (11) 1993 (42)}) 20. b3 Nc5 21.
Rxb4 Ra8 22. f4 e4 23. Be2 Bxa5 24. Qd4 O-O 25. Rc4 Bc7 26. f5 Re8 27. Nc3 a5
28. f6 Re5 {Cseshkovsky,V-Georgadze,T/Erevan (zt)/1982/0.5 (41)}) 17... Ra8 18.
Qd2 Rb8 19. Nc1 Bd8 $5 (19... O-O 20. Na2 e4 21. Rxb4 Qa7 22. Rxb8 Rxb8 23. Nb4
exf3 24. gxf3 $16) 20. Nd3 $1 (20. Na2 $2 Qc8 $1 21. b3 (21. Rxb4 $2 Bxa5)
21... Qc5 $10) 20... Nxd5 (20... Qc8 21. b3 $14) (20... Qc7 21. Bxa6 (21. Rxb4
Rxb4 22. Qxb4 Qxa5 23. Qxa5 Bxa5+ 24. c3 Kd7 $14) 21... Nxd5 22. Nxe5 Nc3 23.
bxc3 bxc3 24. Qe2 $14) (20... Nd7 {Ftacnik} 21. Kd1 Qc8 22. Rxb4) 21. Nxe5 dxe5
22. Qxd5 $14 Qxd5 (22... Qc7 {Ftacnik} 23. Bxa6 $16) 23. Bxd5 O-O $2 (23... Ke7
$5 24. Bc4 Rc8 25. b3 Rc5 $14) (23... Rb5 $2 {Ftacnik} 24. Bc6+) 24. Ke2 (24.
Bc4 {Ftacnik} Ra8) 24... Rc8 $6 (24... Rb5 25. Bc4 Rxa5 26. Rxa5 (26. Rxb4 $16
{Ftacnik}) 26... Bxa5 27. Ra1 Bb6 28. Rxa6 Bd4 (28... Rb8 $14) 29. b3 $14 (29.
Ra4 Rb8 30. b3 g6 $10)) 25. Bb3 Be7 26. Rd1 Rfd8 27. Rxd8+ Rxd8 28. Bc4 Ra8 (
28... Rd6 $2 29. Rxb4 Rd2+ 30. Kxd2 Bxb4+ 31. c3 Bxa5 32. Bxa6 $16) (28... Rc8
{Ftacnik} 29. b3 $16) 29. Ke3 $16 Kf8 30. Ke4 Bd6 (30... f6 {Ftacnik} 31. b3
Ke8 32. Kd5 Kd7) 31. b3 (31. Kd5 Ke7 32. Kc6 $2 Rc8+) 31... Ke7 32. g4 f6 33.
Kd5 Kd7 34. h4 g6 (34... Ra7 {Ftacnik} 35. Bd3 h6 36. Bf5+ Kc7 37. Ke6 Kc6 38.
Bd3 $16) 35. h5 f5 (35... Rc8 36. Bxa6 Rc5+ 37. Ke4 Bc7 38. Rxb4 $16) (35...
Ra7 {Ftacnik} 36. Bd3 $16) (35... gxh5 {Ftacnik} 36. gxh5 h6 37. Bd3 $16) 36.
gxf5 gxf5 (36... gxh5 {Ftacnik} 37. f6 h4 38. Bd3 Rf8 39. Bf5+ Kc7 40. Ke6 $18)
37. Bd3 e4 (37... Rf8 {Ftacnik} 38. Bxa6 $18) 38. fxe4 fxe4 (38... f4 {Ftacnik}
39. e5 Bc7 40. Bxh7 $18) 39. Kxe4 (39. Bxe4 {Ftacnik} Re8 40. Bf5+ Kc7 41. Bd3
Re5+ 42. Kd4 Rxh5) 39... Kc6 (39... Re8+ {Ftacnik} 40. Kf3 Rf8+ 41. Kg4 Rg8+
42. Kf5 $18) 40. Kd4 Bc5+ (40... Rg8 {Ftacnik} 41. Bxa6 Rg4+ 42. Ke3 $18) 41.
Kc4 Ra7 (41... Rd8 42. Be4+ Kd6 43. Bxh7 $18 (43. Bb7 $18 {Ftacnik})) 42. Ra1
Re7 (42... Rd7 $2 {Ftacnik} 43. Be4+ Kd6 44. Rd1+ $18) 43. Rf1 Bd6 44. Rf6 Re5
(44... Kc7 {Ftacnik} 45. Rh6 $18) 45. h6 Rxa5 (45... Re7 {Ftacnik} 46. Rf8 $1 (
46. Kd4 Kc7 47. Rf5 Kb7 48. Bxa6+ $6 Kxa6 49. Rf6 Kxa5 50. Rxd6 Rc7 51. Kd3 Kb5
$14) 46... Rc7 47. Rh8 Kb7+ (47... Bf4 48. Kxb4 Rb7+ 49. Ka4 $18) 48. Kd4 Bf4
$140 $2 49. Be4+ $18) 46. Bxh7 Rh5 (46... Rc5+ {Ftacnik} 47. Kxb4 Rh5+ (47...
Rf5+ $2 48. Rxd6+ Kxd6 49. Bxf5 $18) 48. Ka4 $18) 47. Be4+ Kc7 48. h7 a5 49.
Rf7+ Kb6 (49... Kd8 {Ftacnik} 50. Ra7 $18) 50. Rb7+ Ka6 51. Rd7 Bf8 (51... Be5
{Ftacnik} 52. Rd5 $18) 52. Rd8 Bg7 53. Rd6+ (53. Rd6+ {Ftacnik} Ka7 54. Rd7+
$18) 1-0

[Event "St Petersburg op"]
[Site "St Petersburg"]
[Date "1994.??.??"]
[Round "2"]
[White "Kiselev, Maxim"]
[Black "Vaulin, Alexander"]
[Result "0-1"]
[WhiteElo "2400"]
[BlackElo "2560"]
[Annotator "Donev,I"]
[PlyCount "118"]
[EventDate "1994.02.??"]
[EventType "swiss"]
[EventRounds "9"]
[EventCountry "RUS"]
[SourceTitle "CBM 041"]
[Source "ChessBase"]
[SourceDate "1994.08.01"]
[SourceVersion "1"]
[SourceVersionDate "1994.08.01"]
[SourceQuality "1"]

1. e4 c5 2. Nf3 d6 3. d4 cxd4 4. Nxd4 Nf6 5. Nc3 a6 6. Bd3 e5 (6... b5 7. a4 b4
8. Na2 a5 9. c3 Qb6 10. cxb4 axb4 11. Be3 Ng4 12. Bb5+ Bd7 13. Qxg4 Qxb5 14.
Nxb5 Bxg4 15. Nc7+ $18) (6... Nc6 7. Nxc6 bxc6 8. O-O g6 9. Qe2 Bg7 10. Bd2 O-O
11. Rae1 $14) (6... e6 7. O-O d5 $6 8. e5 Nfd7 $2 (8... Ng8 $142 $16) 9. Nxe6
fxe6 10. Qh5+ Ke7 (10... g6 11. Bxg6+ hxg6 12. Qxg6+ Ke7 13. Bg5+ $18) 11. Bg5+
Nf6 12. exf6+ gxf6 13. Bxf6+ $1 $18) 7. Nde2 g6 (7... Be6 8. Bg5 h6 9. Bxf6
Qxf6 10. O-O Be7 11. f4 exf4 12. Nxf4 Qd4+ 13. Kh1 O-O 14. Nxe6 fxe6 15. Rxf8+
Bxf8 16. Qg4 $16) (7... d5 $2 8. exd5 Nxd5 9. Bc4 Nxc3 10. Bxf7+ Ke7 11. Bg5+
$18) (7... h6 8. h3 Be7 9. Ng3 O-O 10. O-O Be6 11. f4 exf4 12. Rxf4 Nc6 13. Be3
$10) 8. O-O Bg7 9. f4 (9. Bg5 $5 Be6 10. Nd5 Nbd7 (10... Bxd5 11. exd5 h6 12.
Bh4 $14) 11. Nec3 $14) 9... Nc6 10. Qe1 exf4 11. Nxf4 (11. Bxf4 Be6 12. Bg5 O-O
13. Qh4 Qb6+ $10 {/\Ng4,Ne5}) 11... Ne5 12. h3 O-O 13. Be3 (13. Nfd5 Nxd5 14.
Nxd5 Be6 $10) 13... Be6 14. Rd1 Rc8 15. Qh4 Qa5 16. Nxe6 fxe6 17. a3 Nfd7 18.
Ne2 (18. Qe7 Rfe8 19. Qxd6 Bf8 20. Rxf8+ $1 Rxf8 21. Qxe6+ Rf7 22. Nd5 $44)
18... Bf6 19. Qg3 Qd8 $10 20. Bh6 Rf7 21. Kh1 Qe7 22. c3 Nc5 23. Bc2 Nc4 $1 $15
24. b4 Nd7 25. Bb3 Nde5 26. Nd4 b5 27. Rf4 $6 (27. Bf4 $142 Bh4 28. Qh2 $15)
27... g5 $5 28. Rdf1 (28. Nf3 Nxf3 29. Rxf3 $13) 28... Kh8 29. R4f2 Rg8 30. Bd1
Rg6 $17 31. Bh5 Rxh6 32. Bxf7 Qxf7 $17 33. Nf3 Nxf3 34. Qxf3 Ne5 35. Qe2 g4 36.
Qd2 Qf8 37. Qg5 Bxg5 (37... Qg7 38. Qxg7+ Kxg7 $17) 38. Rxf8+ Kg7 39. Ra8 gxh3
40. Rxa6 hxg2+ 41. Kxg2 Nc4 42. Ra7+ Kg6 43. Rf8 Be3 44. Raa8 Rh5 45. a4 bxa4
46. Rxa4 Re5 47. Kf3 Bh6 48. Rg8+ Kf6 (48... Bg7 $4 49. Ra7 $10) 49. Ra7 Nd2+
50. Ke2 Rxe4+ 51. Kd3 Re3+ 52. Kc2 Ne4 $19 53. Rc8 Ke5 54. Rxh7 Re2+ 55. Kb3
Bd2 56. Rh5+ Kf4 57. b5 Nc5+ 58. Kc2 Be3+ 59. Kb1 Re1+ 0-1

[Event "Sonnevanck 5th"]
[Site "Wijk aan Zee"]
[Date "1995.??.??"]
[Round "2"]
[White "Bosch, Jeroen"]
[Black "Armas, Julius"]
[Result "1-0"]
[WhiteElo "2425"]
[BlackElo "2415"]
[Annotator "Donev,I"]
[PlyCount "79"]
[EventDate "1995.02.??"]
[EventType "tourn"]
[EventRounds "9"]
[EventCountry "NED"]
[EventCategory "9"]
[SourceTitle "CBM 046"]
[Source "ChessBase"]
[SourceDate "1995.06.01"]
[SourceVersion "1"]
[SourceVersionDate "1995.06.01"]
[SourceQuality "1"]

1. e4 c5 2. Nf3 d6 3. d4 Nf6 4. Nc3 cxd4 5. Nxd4 a6 6. a4 {Mit diesem Zug hat
Weiß zwei Aufgaben gelöst: auf der einen Seite vermeidet er das schwarze
Gegenspiel am Damenflügel mit b7-b5, auf der anderen Seite wartet er ab,
welche Variante Schwarz auswählen wird: a) mit 6...e5 werden ungewöhnliche
Stellungstypen herbeigeführt und die Schwarzspieler aus den gewohnten
Najdorf-Stellungen gebracht. b)6...e6 und Übergang in die Scheveninger
Variante. c)6...g6 und Übergang in die Drachenvariante. d)6...Nc6 7.Be2 e5 8.
Nb3 und Übergang in die Najdorf-Variante (B92).} e5 (6... g6 7. Be2 Bg7 8. O-O
O-O 9. Be3 Nc6 10. f4 Be6 (10... Qb6 11. a5 $1 Qc7 (11... Qxb2 12. Na4 Qb4 13.
c3 Qxa5 14. Nxc6 bxc6 15. Bb6 $18) (11... Qb4 12. Ra4 Qxb2 13. Qd2) (11... Nxa5
12. Nf5 Qd8 13. Nxg7 Kxg7 14. e5 $32 $44) 12. Nb3 Be6 13. Nd5 Bxd5 14. exd5 Nb8
15. c4 Nbd7 16. Bd4 e5 17. dxe6 fxe6 18. Kh1 e5 19. Bc3 Kh8 20. Qc2 Rae8 21. f5
g5 22. Rad1 Nc5 23. Nd2 d5 24. b4 d4 25. Bb2 Ncd7 26. Qb3 Rd8 27. Qg3 b6 28.
Bxd4 bxa5 29. bxa5 Qxa5 30. Bc3 Qc7 31. Qxg5 Nc5 32. Qe3 Rfe8 33. h3 e4 34. Ra1
Qc6 35. Ra5 Nd3 36. Rfa1 Rd6 {Ermenkov,E-Angelov,A/Stara Zagora 1988/1-0 (50)})
(10... e5 11. Nxc6 bxc6 12. fxe5 dxe5 13. Qxd8 Rxd8 14. Bc4 Re8 15. a5 $1 Be6
16. Ra4 Nd7 17. Rd1 Nf8 18. Rd6 Bxc4 19. Rxc4 Rab8 20. Bb6 $16 {u.s.w. im 40
Zug 1:0 1-0 Ermenkov,E-Mitev,G/Bulgarien 1986}) (10... Rb8 11. Kh1 Bd7 12. e5
dxe5 13. fxe5 Nxe5 14. Bf4 Neg4 15. Bxb8 Qxb8 16. Bxg4 Nxg4 17. Nf3 Bc6 18. Qe2
Qf4 $44) 11. Bf3 Nxd4 12. Bxd4 Rc8 13. Nd5 Bxd5 14. exd5 Qa5 15. c3 $14 {
Donev,I-Gunev,Z Ruse 1986}) (6... b6 $6 7. g3 $1 (7. Bd3 $6 Bb7 8. O-O e6 9. f4
Qc7 10. Be3 Nbd7 11. Nb3 Be7 12. Qe2 O-O 13. Kh1 Nc5 14. Nxc5 bxc5 15. Bd2 Rfd8
16. b3 d5 17. e5 c4 18. Bxc4 dxc4 19. exf6 Bxf6 20. b4 Rd6 21. Rad1 Rd7 22. Ne4
Bxe4 23. Qxe4 Rad8 $17 24. Qe2 Qc6 25. Be3 Rxd1 26. Rxd1 Rxd1+ 27. Qxd1 Qxa4
28. Bc5 Qa1 29. Qxa1 Bxa1 30. g3 f5 31. Kg2 e5 32. fxe5 Bxe5 33. Kf3 Kf7 34.
Ke3 Ke6 35. Bf8 {0-1 Donev,I-Mitrev,K/Pernik 1987}) 7... Bb7 8. Bg2 e5 9. Nf5
h6 10. O-O g6 11. Ne3 $14 Nbd7 12. Ned5 Nxd5 13. Nxd5 Bg7 14. Be3 O-O 15. Qd2
Kh7 16. Rfd1 Rc8 17. Nb4 $16 Nc5 18. Qxd6 a5 19. Qxd8 Rfxd8 20. Nd5 Rd6 21. c3
f5 22. exf5 gxf5 23. Ne7 $1 $18 Rxd1+ 24. Rxd1 Rf8 25. Bxb7 Rf7 26. Bxc5 bxc5
27. Rd7 Bf6 28. Nd5 Kg7 29. Rxf7+ Kxf7 30. b4 {1-0 Donev,I-Machlev,A/Trgoviste
(3) 1989}) 7. Nf3 {Jetzt fängt der Kampf um das Schlüsselfeld d5 an.} Qc7 {
Verhindert 8.Bc4} 8. Bg5 {/\Bf6} Nbd7 9. Nd2 b6 (9... h6 10. Bh4 b6 11. Bc4 Bb7
12. O-O Be7 13. Qe2 O-O 14. Rfd1 Rfc8 15. f3 d5 16. exd5 $6 (16. Bxd5 $142 $1
Bxd5 17. exd5 Nxd5 18. Nxd5 Qc5+ 19. Bf2 Qxd5 20. c4 $14) 16... Bb4 17. d6 Bxd6
18. Bb3 Bc5+ 19. Kh1 Bd4 20. Nde4 Nxe4 21. Nxe4 Bxb2 22. Nd6 Bxa1 23. Nxf7 Nc5
24. Ba2 Bc3 25. Qc4 Kh7 26. Qxc3 Nxa4 27. Qb4 Nc3 28. Qg4 Nxa2 29. Rd7 Qxc2 30.
Ng5+ Kg8 31. Rxg7+ Kxg7 32. Ne4+ Kf8 33. Qf5+ Kg8 34. Qe6+ Kf8 35. Be7+ Kg7 36.
Qf6+ {1-0 Donev,I-Trichkov,V/Sofia 1986}) 10. Bc4 Bb7 11. Qe2 Be7 12. O-O O-O
13. Rfd1 {Räumt das Feld f1 für den Springer.} Rfc8 {Verhindert 14.Nf1, weil
der Bc4 angegriffen ist.} (13... h6 14. Bxf6 Nxf6 15. Nf1 Rfc8 16. Ne3 $1 Nxe4
17. Ncd5 Qd8 (17... Bxd5 18. Bxd5 $16) 18. Nf5 $16) (13... Rfe8 14. Nf1 h6 15.
Bxf6 Nxf6 16. Ne3 $1 Nxe4 17. Ncd5 $16) 14. Bb3 Nc5 15. Bxf6 $1 {Vernichtet
den Verteidiger des Feldes d5.} Nxb3 16. cxb3 $1 {Nach 16.Nb3?! wäre dieser
Springer von den schwarzen Bauern eingeschränkt und weit von unserem Ziel
entfernt - dem Punkt d5!} Bxf6 17. Nc4 $1 {Ein wichtiger Vorteil des
Springerpaars gegenüber dem Läuferpaar ist, daß beide Springer gleichzeitig
einen Punkt angreifen können (in unserem Fall den Punkt d5), der vom
Läuferpaar nur einmal gedeckt ist.} Rd8 18. Ne3 $1 Bg5 19. Ned5 $1 $16 {
Das Ziel ist erreicht - der weiße Springer auf d5 ist so wertvoll wie ein Turm.
} Bxd5 (19... Qc6 $2 20. Qg4 h6 21. h4 $18) (19... Qc5 20. b4 Qc6 21. Qg4 $18)
20. Rxd5 Qb7 21. Rad1 Be7 22. R5d3 Rdc8 23. Nd5 {Eine sehr wichtige Phase im
Mittelspiel, es ist eine kritische Schlüsselstellung entstanden. Weiß hat
klaren positionellen Vorteil dank seinem Riesenspringer gegenüber dem armen
Läufer auf e7.} Rc6 24. Rc3 Rac8 (24... Bd8 25. b4 Rxc3 26. bxc3 $16) 25. Nxe7+
{Weiß gibt seinen Superspringer für den Läufer, weil er Material erobert.} Qxe7
26. Rxc6 Rxc6 27. Qxa6 Kf8 28. g3 Qc7 29. Qd3 Ke7 {Schwarz deckt seine
Schwäche d6 mit den König, um seinen Turm auf der zweiten Reihe zu aktivieren.}
30. Qe3 Rc2 31. Rd3 $1 {/\Rc3} Rxb2 32. Rc3 Rb1+ 33. Kg2 Qb7 34. Qg5+ $18 Ke8 (
34... Kf8 $4 35. Qd8#) 35. Qg4 Kd8 36. Qh4+ Ke8 37. Qxh7 g6 38. Qh4 Qa6 39. Rc4
Rxb3 40. Rc7 {Eine lehrreiche positionelle Partie, in der entscheidende Rollen
vom Nd5 und von der offenen c-Linie gespielt wurden.} 1-0

[Event "Horgen"]
[Site "Horgen"]
[Date "1995.10.28"]
[Round "7"]
[White "Short, Nigel D"]
[Black "Ehlvest, Jaan"]
[Result "1/2-1/2"]
[WhiteElo "2645"]
[BlackElo "2630"]
[Annotator "Donev,I"]
[PlyCount "38"]
[EventDate "1995.10.??"]
[EventType "tourn"]
[EventRounds "11"]
[EventCountry "SUI"]
[EventCategory "17"]
[SourceTitle "CBM 050"]
[Source "ChessBase"]
[SourceDate "1996.02.01"]
[SourceVersion "1"]
[SourceVersionDate "1996.02.01"]
[SourceQuality "1"]

1. e4 c5 2. Nf3 d6 3. d4 cxd4 4. Nxd4 Nf6 5. Nc3 a6 6. Be3 e5 7. Nf3 Be7 8. Bc4
O-O 9. O-O Nc6 10. Re1 (10. Qe2 Na5 11. Bd5 Be6 12. Rfd1 Qc8 13. Bg5 Qc7 14.
Bxf6 $14 {Kalesis,N-Dao Thien Hai Budapest FS FebGM (11) 1994 0-1 37 -CBM 40})
(10. Bg5 Be6 11. Bb3 Na5 12. Qd3 Rc8 13. Rfd1 Nxb3 14. axb3 Rc6 15. Bxf6 Bxf6
16. Nd5 Bxd5 17. Qxd5 Rxc2 {1/2-1/2 Kotronias,V-Gelfand,B/Chalkidiki Afitos 
(06) ;CBM 38 1993}) 10... b5 (10... h6 11. a3 Be6 12. Nd5 b5 13. Ba2 Rc8 14.
Nd2 Bxd5 15. exd5 Nb8 16. c4 {Short,N-Anand,V Monaco rapid (01) 1993 1-0 41}
Nbd7 17. b4 Nb6 18. Rc1 bxc4 19. Bxb6 Qxb6 20. Nxc4 Qb5 21. Na5 Rxc1 22. Qxc1
Bd8 23. Nc6 Qb7 24. a4 Nd7 25. a5 {Short,N-Anand,V/Monaco rapid (01) ;EXP 34
1993/1-0 (41)}) (10... Na5 11. Bf1 Be6 12. Nd5 Bxd5 13. exd5 b5 14. b3 Ng4 15.
Bd2 Qb6 16. h3 Nxf2 $2 (16... Nf6 17. Be3 $14) 17. Bxa5 Qxa5 18. Kxf2 Qb6+ 19.
Kg3 {Topalov,V-Gelfand,B/Linares (13) ;CBM 40 1994/1-0 (47)}) 11. Bf1 $2 {
/\ Nd5} (11. Bd5 $14 {Short}) 11... Rb8 $1 12. Bg5 Ng4 $1 13. Bxe7 Nxe7 14. a3
Bb7 15. Qd2 Qc7 16. Rad1 Rfd8 17. h3 Nf6 18. Qe3 Bc6 19. Bd3 Re8 $15 1/2-1/2

[Event "Olympiad-41"]
[Site "Tromsoe"]
[Date "2014.08.14"]
[Round "11.4"]
[White "Edouard, Romain"]
[Black "Nepomniachtchi, Ian"]
[Result "0-1"]
[WhiteElo "2680"]
[BlackElo "2714"]
[Annotator "Edouard,R"]
[PlyCount "132"]
[EventDate "2014.08.02"]
[EventType "team-swiss"]
[EventRounds "11"]
[EventCountry "NOR"]
[SourceTitle "CBM 162"]
[Source "ChessBase"]
[SourceDate "2014.09.17"]
[SourceVersion "1"]
[SourceVersionDate "2014.09.17"]
[SourceQuality "1"]
[WhiteTeam "France"]
[BlackTeam "Russia"]
[WhiteTeamCountry "FRA"]
[BlackTeamCountry "RUS"]

1. e4 c5 2. Nf3 d6 3. d4 cxd4 4. Nxd4 Nf6 5. Nc3 a6 6. h3 e5 7. Nde2 $5 h5 8.
g3 Be7 ({The last top level game in that line quickly went very well for White:
} 8... Be6 9. Bg2 b5 $6 10. O-O Nbd7 11. Be3 Nb6 12. b3 Be7 13. Qd2 Qc7 14. a4
bxa4 15. Nxa4 Nxa4 16. Rxa4 O-O 17. Rfa1 Rfc8 18. c4 $14 {1-0 (84) Giri,A 
(2750)-Wojtaszek,R (2733) Biel SUI 2014}) (8... Nbd7 {is another very critical
move.}) 9. Bg2 b5 10. Nd5 Nxd5 (10... Nbd7 11. Nxe7 Qxe7 12. Bg5 Bb7 13. Nc3
Qe6 14. h4 {was better for White in 1/2-1/2 (34) Shirov,A (2708)-Palliser,R 
(2453) ENG 2013}) 11. Qxd5 Ra7 12. Be3 Rb7 $1 {A better move than the usual 12.
..Be6, this bishop becoming a target after f4-f5.} (12... Be6 13. Qd2 Rb7 14.
f4 Nd7 15. b3 Nf6 16. O-O-O Qa8 17. g4 $16 {1-0 (65) Areshchenko,A (2701)-Duda,
J (2587) POL 2014}) 13. O-O $6 {A totally pointless move that I for some
reason considered logical during the game.} (13. O-O-O {with the idea} Nd7 14.
Qd2 O-O 15. g4 h4 16. f4 {should be criticial.}) 13... Nd7 14. Qd2 O-O 15. Nc3
Nf6 16. a3 h4 17. g4 Be6 18. f4 exf4 19. Bxf4 Nh7 20. Rfd1 (20. a4 b4 21. Nd5
Bg5 $132) 20... Rd7 21. a4 b4 22. Nd5 Bxd5 23. Qxd5 {I considered this
position to be great for me but missed my opponent's next, excellent move.} Re8
$1 24. e5 $6 {Any other move would be better, though the position is just
about equal.} Nf8 $1 25. exd6 Bxd6 26. Bxd6 Re6 27. Qc5 Rexd6 (27... a5 $5 {
was worrying me more during the game, and it seems Black would be better.}) 28.
Rxd6 Rxd6 29. Qxb4 Ne6 {Here Black definitely has enough compensations to make
a draw, but it normally should not be more.} 30. Re1 (30. Rf1 {would be more
precise.}) 30... Rd4 31. Qb3 Qd6 32. Qe3 $6 (32. a5 $142) 32... Rxa4 $15 33. c3
$6 (33. b3 $142 Ra2 34. Qc3 g6 $15) 33... Ra2 34. Qf2 g5 35. Bf1 Nf4 (35... a5
$1 $17) 36. Rb1 Ra5 37. c4 Ra4 $2 (37... Re5 38. Re1 Rxe1 39. Qxe1 Qb6+ 40. Qf2
Qb3 41. c5 Nxh3+ 42. Bxh3 Qxh3 43. Qd4 Qg3+ 44. Kh1 {and White should hold
though Black can play on forever.}) 38. Rc1 Rb4 39. c5 Qc7 40. Qd2 $6 (40. Rc3
$1 $11) 40... Rb3 41. Rc3 (41. Qd6 $2 Rg3+ 42. Kh2 Qb7 $17) 41... Rxc3 42. Qxc3
a5 43. c6 (43. Kh1 Qc6+ 44. Kh2 a4 $15) 43... Qb6+ 44. Kh1 Qf2 45. Qc4 Qf3+ $2
(45... Qxb2 $1 46. c7 Qb7+ 47. Kg1 Qc8 $17) 46. Kg1 Qe3+ 47. Kh1 Qf3+ 48. Kg1
Qg3+ 49. Kh1 Ne6 {A logical practical try, though now the position is
objectively a total draw.} (49... Nxh3 50. Bxh3 Qxh3+ 51. Kg1 Qg3+ 52. Kh1 h3
53. Qc2 $11) 50. Qb5 Qf3+ 51. Kg1 Qe3+ 52. Kh1 Qc1 53. Kh2 Qf4+ 54. Kg1 Qe3+
55. Kh1 Qc1 (55... Nd4 56. c7 $1 Nxb5 57. c8=Q+ Kg7 58. Bxb5 Qxh3+ 59. Kg1 $11)
56. Kh2 Kf8 57. Bg2 Qd2 58. Qb8+ Ke7 59. Qa7+ Kf6 60. Qb8 Qb4 61. Qa7 $4 {
An amazing blunder, falling into the only trick in the position.} (61. Qg8 Ke7
62. Qa8 $11) 61... Qxb2 62. Qxa5 Qe5+ 63. Qxe5+ Kxe5 {The ending is hopeless.}
64. Kg1 Kd6 65. Kf2 Nf4 66. Bf1 Kxc6 (66... Kxc6 67. Kf3 Kd5 68. Ke3 Ke5 69.
Kf3 Kd4 70. Kf2 Ke4 $19) 0-1